Open Data Biblioteca Nacional de Portugal


República Portuguesa: Ministério da Cultura
Biblioteca Nacional de Portugal

Catálogo da BNP: acesso por Identificadores Unívocos
Registos Bibliográficos associados ao registo de autoridade

Etiqueta de registo: 00254nam 2200025 450
001 2288616
003 http://id.bnportugal.gov.pt/bib/catbnp/2288616
100 ## $a20260623d2025 k y0pory01030103ba
101 0# $apor$deng
102 ## $aPT
105 ## $aa m 001yy
106 ## $ar
200 1# $a O baile das Erínias$e um desvelamento escultórico-esquizoanalítico do corpo rotundo em dissidência$fRafael Cabral de Vasconcelos$gorient. António José Santos de Matos
210 #9 $aLisboa$c[s.n.],$d2025
215 ## $a350 p.$cil$d30 cm
328 #1 $aTese dout. Belas-Artes (Escultura), Faculdade de Belas-Artes da Universidade de Lisboa, 2025
675 ## $a730(043)$vBN$zpor$31428302
675 ## $a159.9(043)$vBN$zpor$3299744
700 #1 $aVasconcelos,$bRafael Cabral de$32001413
702 #1 $aMatos,$bAntónio José Santos de$4727$31492984
801 #0 $aPT$bBN$gRPC
966 ## $lBN$mFGMON$sB.A. 53899 V.$x1
971 ## $cisantos$d20260623
973 ## $ctrodrigues$d20260701

OpendataBNP@bnportugal.pt | Mais informação sobre acesso aos dados BNP